Heart of darkness: an authoritative text, backgrounds and sources,criticism (Record no. 5140)
[ view plain ]
| 000 -LEADER | |
|---|---|
| fixed length control field | 00562 a2200169 4500 |
| 020 ## - INTERNATIONAL STANDARD BOOK NUMBER | |
| International Standard Book Number | 0-393-95552-4 |
| 040 ## - CATALOGING SOURCE | |
| Original cataloging agency | DLC |
| Language of cataloging | DLC |
| 100 1# - MAIN ENTRY--PERSONAL NAME | |
| Personal name | Conrad, Joseph, |
| 245 00 - TITLE STATEMENT | |
| Title | Heart of darkness: an authoritative text, backgrounds and sources,criticism |
| Remainder of title | an authoritative text, backgrounds and sources,criticism |
| Statement of responsibility, etc. | edited by Robert Kimbrough |
| 250 ## - EDITION STATEMENT | |
| Edition statement | 3. ed. |
| 260 ## - PUBLICATION, DISTRIBUTION, ETC. | |
| Place of publication, distribution, etc. | New York : |
| Name of publisher, distributor, etc. | Norton, |
| Date of publication, distribution, etc. | cop. 1988 |
| 300 ## - PHYSICAL DESCRIPTION | |
| Extent | 418 s. |
| 490 0# - SERIES STATEMENT | |
| Series statement | A Norton critical edition |
| 600 14 - SUBJECT ADDED ENTRY--PERSONAL NAME | |
| Personal name | Conrad, Joseph |
| 700 1# - ADDED ENTRY--PERSONAL NAME | |
| Personal name | Kimbrough, Robert |
| Relator code | oth |
| 942 ## - ADDED ENTRY ELEMENTS (KOHA) | |
| Koha item type | Book |
| Call number prefix | 823.912 KIM |
| Source of classification or shelving scheme | |
| Withdrawn status | Lost status | Damaged status | Not for loan | Collection code | Permanent Location | Current Location | Shelving location | Date acquired | Source of acquisition | Cost, normal purchase price | Total Checkouts | Full call number | Barcode | Date last seen | Date last checked out | Price effective from | Koha item type |
|---|---|---|---|---|---|---|---|---|---|---|---|---|---|---|---|---|---|
| Central Library (CL) | Central Library (CL) | General Stacks | 08/16/2005 | Allied Book Company | 479.99 | 5 | 823.912 KIM | SEECS006291 | 01/02/2026 | 12/02/2025 | 01/05/2017 | Book |
